[Event "BL 0506 SF Katernberg - Godesberger SK"]
[Site "?"]
[Date "2006.02.19"]
[Round "11.7"]
[White "Jackelen, Thomas"]
[Black "Souleidis, Georgios"]
[Result "1-0"]
[WhiteElo "2454"]
[BlackElo "2421"]
[PlyCount "121"]
[EventDate "2006.??.??"]

1. d4 d5 2. Nf3 Nf6 3. c4 dxc4 4. e3 e6 5. Bxc4 c5 6. O-O a6 7. b3 b5 8. Be2
Bb7 9. Bb2 Nbd7 10. Nbd2 Be7 11. a4 b4 12. Nc4 O-O 13. Nfe5 cxd4 14. Bxd4 Nxe5
15. Bxe5 Nd5 16. Bf3 Bf6 17. Qd4 Bxe5 18. Qxe5 Qb8 19. Rfd1 Qxe5 20. Nxe5 Rac8
21. Nd7 Rfd8 22. Nb6 Rb8 23. Nxd5 Bxd5 24. Bxd5 exd5 25. Rac1 Rbc8 26. Kf1 Kf8
27. Ke2 Ke7 28. Rxc8 Rxc8 29. Rxd5 Rc3 30. Rd3 Rc2+ 31. Kf3 Rb2 32. e4 Ke6 33.
h4 h5 34. Ke3 g6 35. g3 Rb1 36. Kf4 Rb2 37. f3 Kf6 38. Rd6+ Ke7 39. Rd3 Kf6 40.
Ke3 Ke6 41. a5 Ke5 42. f4+ Ke6 43. Kd4 Rc2 44. Rf3 Rc1 45. f5+ gxf5 46. Rxf5
Rc3 47. Rxh5 Rxg3 48. Kc4 Rg4 49. Kxb4 Rxe4+ 50. Kc5 Re3 51. b4 Rb3 52. Rh8 Ke7
53. Rb8 f5 54. Rb7+ Kf6 55. Rb6+ Ke5 56. Rxa6 Rc3+ 57. Kb6 Rc8 58. Kb7 Rc4 59.
b5 Rxh4 60. Rc6 Rh7+ 61. Kb6 1-0

[Event "BL 0506 SV Mülheim Nord - SG Köln Porz"]
[Site "?"]
[Date "2006.02.19"]
[Round "11.1"]
[White "Lutz, Christopher"]
[Black "Landa, Konstantin"]
[Result "1/2-1/2"]
[WhiteElo "2609"]
[BlackElo "2600"]
[PlyCount "41"]
[EventDate "2006.??.??"]

1. e4 e5 2. Nf3 Nf6 3. Nxe5 d6 4. Nf3 Nxe4 5. d4 d5 6. Bd3 Nc6 7. O-O Be7 8. c4
Nb4 9. Be2 O-O 10. a3 Nc6 11. cxd5 Qxd5 12. Nc3 Nxc3 13. bxc3 Bf5 14. Re1 Rfe8
15. Bf4 Rac8 16. Nd2 Na5 17. Nf1 Qb3 18. Qd2 Nc4 19. Bxc4 Qxc4 20. Ne3 Qb5 21.
c4 1/2-1/2

[Event "BL 0506 SV Mülheim Nord - SG Köln Porz"]
[Site "?"]
[Date "2006.02.19"]
[Round "11.2"]
[White "Fridman, Daniel"]
[Black "Van Wely, Loek"]
[Result "0-1"]
[WhiteElo "2564"]
[BlackElo "2648"]
[PlyCount "78"]
[EventDate "2006.??.??"]

1. c4 Nf6 2. Nc3 g6 3. g3 Bg7 4. Bg2 O-O 5. Nf3 d6 6. O-O e5 7. d4 Nbd7 8. e4
a6 9. d5 b5 10. cxb5 axb5 11. b4 Nb6 12. Qd3 Bd7 13. Rd1 Na4 14. Nxa4 Rxa4 15.
a3 Qa8 16. Bb2 Bh6 17. Nd2 Qa7 18. Rf1 Nh5 19. Nb3 f5 20. exf5 gxf5 21. Na5 Qb6
22. Ra2 f4 23. Be4 fxg3 24. hxg3 Rf7 25. Kh1 Bg4 26. f4 Bh3 27. Rg1 Nf6 28.
fxe5 dxe5 29. Bxe5 Nxe4 30. Qxe4 Qxa5 31. Qh4 Qa8 32. Rd1 Rxa3 33. Qxh6 Rxa2
34. Qxh3 Ra6 35. Kg1 Rg6 36. Bd4 Qxd5 37. Kh2 Qf5 38. Qh4 Qg5 39. Qh3 Rh6 0-1

[Event "BL 0506 SV Mülheim Nord - SG Köln Porz"]
[Site "?"]
[Date "2006.02.19"]
[Round "11.6"]
[White "Hausrath, Daniel"]
[Black "Hansen, Curt"]
[Result "1/2-1/2"]
[WhiteElo "2463"]
[BlackElo "2607"]
[PlyCount "46"]
[EventDate "2006.??.??"]

1. Nf3 c5 2. c4 Nc6 3. Nc3 Nf6 4. g3 d5 5. d4 e6 6. cxd5 Nxd5 7. Bg2 Be7 8. O-O
O-O 9. Nxd5 exd5 10. dxc5 Bxc5 11. Bg5 Qd7 12. Rc1 Bb6 13. Qd2 Re8 14. b4 a6
15. a4 h6 16. Bf4 Qd8 17. b5 axb5 18. axb5 Na5 19. Qd3 Qf6 20. Bc7 Bxc7 21.
Rxc7 Qb6 22. Rc2 Be6 23. Nd4 Nc4 1/2-1/2

[Event "BL 0506 SV Mülheim Nord - SG Köln Porz"]
[Site "?"]
[Date "2006.02.19"]
[Round "11.7"]
[White "Van den Doel, Erik"]
[Black "Wegener, Olaf"]
[Result "1-0"]
[WhiteElo "2582"]
[BlackElo "2404"]
[PlyCount "71"]
[EventDate "2006.??.??"]

1. e4 c5 2. Nf3 d6 3. d4 cxd4 4. Nxd4 Nf6 5. Nc3 a6 6. Be3 e5 7. Nb3 Be6 8. Qd2
Be7 9. f3 O-O 10. O-O-O Nbd7 11. g4 b5 12. g5 b4 13. Ne2 Ne8 14. f4 a5 15. Kb1
a4 16. Nbc1 b3 17. f5 bxa2+ 18. Ka1 Bc4 19. Nc3 Qc7 20. h4 Rc8 21. Bxc4 Qxc4
22. N1xa2 Bd8 23. Qd3 Ba5 24. Nd5 Kh8 25. Rc1 Rc6 26. Rhd1 Nb8 27. b4 Bd8 28.
b5 Rc8 29. Bb6 Bxb6 30. Nxb6 Qc5 31. Nxc8 Qxc8 32. Rb1 Nd7 33. b6 Nc5 34. b7
Qb8 35. Qd5 Nc7 36. Qxd6 1-0

[Event "BL 0506 SV Mülheim Nord - SG Köln Porz"]
[Site "?"]
[Date "2006.02.19"]
[Round "11.8"]
[White "Sielecki, Christof"]
[Black "Kengis, Edwin"]
[Result "1/2-1/2"]
[WhiteElo "2382"]
[BlackElo "2528"]
[PlyCount "86"]
[EventDate "2006.??.??"]

1. Nf3 c5 2. c4 g6 3. d4 cxd4 4. Nxd4 Bg7 5. e4 Nc6 6. Be3 Nf6 7. Nc3 O-O 8.
Be2 b6 9. O-O Bb7 10. Nxc6 dxc6 11. e5 Nd7 12. f4 Qc7 13. Qe1 e6 14. Rd1 Rad8
15. Bf2 f6 16. Bh4 Rde8 17. Qd2 Nb8 18. exf6 Bxf6 19. Bxf6 Rxf6 20. Ne4 Rff8
21. Bg4 Bc8 22. Qd6 Qxd6 23. Nxd6 Re7 24. b4 Bd7 25. Rde1 Na6 26. a3 Nc7 27.
Re5 Rg7 28. g3 h6 29. h4 Rd8 30. Rd1 Kf8 31. Ne4 Ke7 32. Bf3 Rgg8 33. Nf2 Ne8
34. Ng4 h5 35. Nf2 Nd6 36. Be2 Bc8 37. Bd3 Nf5 38. Bxf5 gxf5 39. Re3 Rxd1+ 40.
Nxd1 Rd8 41. Nf2 Ba6 42. Rc3 Rd4 43. c5 Bb5 1/2-1/2

[Event "BL 0506 SK Zehlendorf - SC Eppingen"]
[Site "?"]
[Date "2006.02.19"]
[Round "11.1"]
[White "Gyimesi, Zoltan"]
[Black "Richter, Michael"]
[Result "1/2-1/2"]
[WhiteElo "2624"]
[BlackElo "2407"]
[PlyCount "92"]
[EventDate "2006.??.??"]

1. d4 Nf6 2. c4 e6 3. Nf3 b6 4. g3 Bb7 5. Bg2 Be7 6. Nc3 Ne4 7. Bd2 Bf6 8. Qc2
Nxd2 9. Qxd2 O-O 10. Rd1 d6 11. Qc2 g6 12. h4 Nd7 13. h5 Qe7 14. d5 exd5 15.
hxg6 hxg6 16. Nd4 c6 17. cxd5 c5 18. Nc6 Bxc3+ 19. Qxc3 Qf6 20. Qxf6 Nxf6 21.
b4 cxb4 22. Nxb4 Rac8 23. Rh4 Rc5 24. Rhd4 Re8 25. a4 Kg7 26. Nd3 Rc2 27. Rd2
Rxd2 28. Kxd2 Ba6 29. Nc1 Rh8 30. f4 Nd7 31. Nb3 Nc5 32. Nxc5 bxc5 33. Re4 Rb8
34. Kc3 Kf6 35. Bf3 c4 36. g4 Rb3+ 37. Kc2 g5 38. fxg5+ Kxg5 39. Re7 Rb7 40.
Rxb7 Bxb7 41. Kc3 a5 42. e3 Ba6 43. Be2 Bc8 44. Bd1 Ba6 45. Be2 Bc8 46. Bd1 Ba6
1/2-1/2

[Event "BL 0506 SK Zehlendorf - SC Eppingen"]
[Site "?"]
[Date "2006.02.19"]
[Round "11.2"]
[White "Maksimenko, Andrei"]
[Black "Postny, Evgeny"]
[Result "1/2-1/2"]
[WhiteElo "2501"]
[BlackElo "2571"]
[PlyCount "102"]
[EventDate "2006.??.??"]

1. Nf3 d5 2. c4 c6 3. d4 Nf6 4. Nc3 a6 5. a4 e6 6. Bg5 Nbd7 7. cxd5 cxd5 8. e3
Bd6 9. Bd3 O-O 10. O-O b6 11. Rc1 Bb7 12. Qb3 h6 13. Bf4 Qb8 14. Bxd6 Qxd6 15.
Rc2 Rfc8 16. Rfc1 Rc6 17. Na2 Rac8 18. Ne5 Nxe5 19. dxe5 Qxe5 20. Qxb6 Rxc2 21.
Rxc2 Qb8 22. Rxc8+ Qxc8 23. a5 Nd7 24. Qd6 Nc5 25. Bc2 g6 26. Nc3 Qc6 27. Qxc6
Bxc6 28. b4 Nd7 29. Bb3 Bb7 30. f4 Kf8 31. Kf2 Ke7 32. h4 e5 33. g3 Kd6 34. Bc2
Nb8 35. Ba4 f6 36. Be8 g5 37. hxg5 hxg5 38. fxg5 fxg5 39. Ke2 Bc6 40. Bg6 d4
41. Ne4+ Bxe4 42. Bxe4 Nc6 43. exd4 exd4 44. Kd3 Nxb4+ 45. Kxd4 Nc6+ 46. Bxc6
Kxc6 47. Ke5 Kb5 48. Kf5 Kxa5 49. Kxg5 Kb4 50. g4 a5 51. Kf5 a4 1/2-1/2

[Event "BL 0506 SK Zehlendorf - SC Eppingen"]
[Site "?"]
[Date "2006.02.19"]
[Round "11.3"]
[White "Acs, Peter"]
[Black "Werner, Dimo"]
[Result "1-0"]
[WhiteElo "2518"]
[BlackElo "2376"]
[PlyCount "125"]
[EventDate "2006.??.??"]

1. e4 e6 2. d4 d5 3. Nc3 Nf6 4. Bg5 dxe4 5. Nxe4 Nbd7 6. Nf3 h6 7. Nxf6+ Nxf6
8. Bh4 c5 9. Ne5 Qa5+ 10. c3 cxd4 11. Qxd4 Bc5 12. Qf4 Bd6 13. Bg3 O-O 14. Be2
Nd7 15. Nc4 Bxf4 16. Nxa5 Bxg3 17. hxg3 Nc5 18. Rh4 b6 19. Bf3 Rb8 20. Nc6 Rb7
21. O-O-O Rc7 22. Rhd4 Bb7 23. Rd6 g5 24. Nd8 Be4 25. R1d4 Bxf3 26. gxf3 Kg7
27. Kc2 Nb7 28. Nxb7 Rxb7 29. f4 Re8 30. fxg5 hxg5 31. Kd3 f5 32. c4 Kf6 33. b4
Rc8 34. Rd7 Rcc7 35. Rd8 g4 36. a4 Ke5 37. Kc3 Rh7 38. Rd1 Rh2 39. R8d2 Kf6 40.
f4 Rh3 41. Rd3 Rh2 42. Re1 Ra2 43. Kb3 Rf2 44. Re5 Rf3 45. Rde3 Re7 46. Rc3 Rd7
47. Ree3 Rf1 48. c5 Rb1+ 49. Kc4 bxc5 50. bxc5 Re7 51. Rb3 Rc1+ 52. Rec3 Ra1
53. Kb4 e5 54. fxe5+ Kxe5 55. c6 Rd1 56. Rd3 Rc1 57. Re3+ Kf6 58. Rbc3 Rxc3 59.
Rxc3 f4 60. gxf4 Kf5 61. Kc5 Rg7 62. Kd6 Rg6+ 63. Kd5 1-0

[Event "BL 0506 SK Zehlendorf - SC Eppingen"]
[Site "?"]
[Date "2006.02.19"]
[Round "11.5"]
[White "Meier, Georg"]
[Black "Heinig, Wolfram Dr"]
[Result "1-0"]
[WhiteElo "2411"]
[BlackElo "2338"]
[PlyCount "118"]
[EventDate "2006.??.??"]

1. Nf3 Nf6 2. g3 g6 3. Bg2 Bg7 4. O-O O-O 5. d4 d6 6. b3 c5 7. c4 Nc6 8. Bb2
cxd4 9. Nxd4 Bd7 10. Nc3 Rc8 11. Rc1 Qa5 12. e3 a6 13. Re1 Rfe8 14. a3 Bg4 15.
Qd2 Qh5 16. Nd5 Nxd5 17. cxd5 Nxd4 18. Bxd4 Bf3 19. Bxg7 Kxg7 20. Rc3 Rxc3 21.
Qxc3+ Kg8 22. e4 Bg4 23. Qc7 Bc8 24. b4 Qe5 25. h4 h6 26. Qc1 g5 27. Re3 Bg4
28. Rc3 Be2 29. Rc7 b6 30. Qc6 Rb8 31. Qd7 Kf8 32. Ra7 gxh4 33. Qc7 Re8 34.
gxh4 Qa1+ 35. Kh2 Qd4 36. Qc1 Qf6 37. Qe3 Qxh4+ 38. Kg1 Bb5 39. Qxb6 Qg5 40.
Rc7 f6 41. Qe3 Kf7 42. Qh3 Be2 43. f3 Qe3+ 44. Kh2 Qf4+ 45. Qg3 Qd2 46. Kh3 a5
47. Qxd6 axb4 48. axb4 Qg5 49. Qe6+ Kf8 50. d6 Qh5+ 51. Kg3 Qg5+ 52. Kf2 Qd2
53. dxe7+ Kg7 54. Qg4+ Kh8 55. Kg1 Qxb4 56. Qh5 Kg7 57. Qg4+ Kf7 58. Kh1 Bxf3
59. Qxf3 Rxe7 1-0

[Event "BL 0506 SK Zehlendorf - SC Eppingen"]
[Site "?"]
[Date "2006.02.19"]
[Round "11.7"]
[White "Miltner, Arndt"]
[Black "Klimm, Wolf-Dietrich"]
[Result "1/2-1/2"]
[WhiteElo "2400"]
[BlackElo "2287"]
[PlyCount "74"]
[EventDate "2006.??.??"]

1. Nf3 Nf6 2. e3 e6 3. b3 b6 4. Bb2 Bb7 5. g3 Be7 6. Bg2 O-O 7. O-O c5 8. c4
Nc6 9. Nc3 d5 10. cxd5 Nxd5 11. Nxd5 Qxd5 12. d4 Na5 13. Ba3 Rfe8 14. dxc5 Bxc5
15. Qxd5 Bxd5 16. Bxc5 bxc5 17. Rac1 Nb7 18. Ne5 Bxg2 19. Kxg2 Red8 20. Rfd1
Rxd1 21. Rxd1 Rd8 22. Rxd8+ Nxd8 23. Kf3 f6 24. Nd3 Nb7 25. Ke2 Kf7 26. Kd2 Ke7
27. Kc3 Kd6 28. f3 g6 29. h4 e5 30. g4 h6 31. Nf2 f5 32. e4 fxg4 33. fxg4 Na5
34. Nd3 a6 35. Nxc5 Kxc5 36. b4+ Kb5 37. bxa5 Kc5 1/2-1/2

[Event "BL 0506 SK Zehlendorf - SC Eppingen"]
[Site "?"]
[Date "2006.02.19"]
[Round "11.8"]
[White "Brustkern, Juergen"]
[Black "Meinhardt, Maximillian"]
[Result "0-1"]
[WhiteElo "2236"]
[BlackElo "2372"]
[PlyCount "90"]
[EventDate "2006.??.??"]

1. e4 e6 2. Nf3 d5 3. e5 c5 4. b4 cxb4 5. a3 Nc6 6. axb4 Bxb4 7. c3 Bf8 8. d4
Nh6 9. Bd3 Nf5 10. h4 Be7 11. Na3 Bd7 12. h5 a6 13. Nc2 Qc7 14. O-O Na5 15.
Nfe1 Nb3 16. Rb1 Qxc3 17. Bxf5 Nxc1 18. Qxc1 exf5 19. Rxb7 Bc6 20. Rxe7+ Kxe7
21. Qg5+ Kf8 22. h6 Rg8 23. Ne3 g6 24. Nf3 Qa3 25. Qf6 Rc8 26. Ng5 Qe7 27.
Nxh7+ Ke8 28. Rc1 Kd7 29. Qxe7+ Kxe7 30. Nf6 f4 31. h7 Rh8 32. Nexd5+ Ke6 33.
Nb6 Rc7 34. f3 a5 35. g3 fxg3 36. f4 a4 37. Rc3 a3 38. Rxa3 Bb7 39. d5+ Kf5 40.
Rxg3 Kxf4 41. Kh2 Rc2+ 42. Kh3 Ba6 43. Rg1 Bd3 44. Rg4+ Kxe5 45. Nbd7+ Kd6 0-1

[Event "BL 0506 Leipzig Gohlis - TV Tegernsee"]
[Site "?"]
[Date "2006.02.19"]
[Round "11.1"]
[White "Bischoff, Klaus"]
[Black "Vogt, Lothar"]
[Result "1/2-1/2"]
[WhiteElo "2555"]
[BlackElo "2484"]
[PlyCount "81"]
[EventDate "2006.??.??"]

1. d4 Nf6 2. c4 g6 3. Nc3 Bg7 4. e4 d6 5. f3 O-O 6. Be3 Nbd7 7. Qd2 c5 8. Nh3
a6 9. Nf2 Qa5 10. Rc1 Rb8 11. dxc5 Nxc5 12. Rb1 Qc7 13. Be2 a5 14. O-O Bd7 15.
Rfc1 Rfc8 16. b3 b6 17. Rd1 Qb7 18. Rbc1 Bc6 19. Bf1 Rd8 20. Nh3 Ne8 21. Nf4 e6
22. Nfe2 Qe7 23. Nd4 Bb7 24. Re1 Nc7 25. Kh1 Re8 26. Rb1 Be5 27. a3 Qh4 28. Bg1
Rbd8 29. b4 axb4 30. axb4 Nd7 31. Red1 Nf6 32. Qf2 Qh6 33. Nde2 Na8 34. Qe3
Qxe3 35. Bxe3 Rc8 36. Nb5 d5 37. exd5 exd5 38. c5 Ba6 39. Nc1 d4 40. Bxd4 Bxd4
41. Nxd4 1/2-1/2

[Event "BL 0506 Leipzig Gohlis - TV Tegernsee"]
[Site "?"]
[Date "2006.02.19"]
[Round "11.2"]
[White "Voigt, Roland"]
[Black "Boensch, Uwe"]
[Result "0-1"]
[WhiteElo "2384"]
[BlackElo "2547"]
[PlyCount "118"]
[EventDate "2006.??.??"]

1. e4 c5 2. c3 d5 3. exd5 Qxd5 4. d4 Nf6 5. Nf3 Bg4 6. Be2 e6 7. h3 Bh5 8. O-O
cxd4 9. cxd4 Nc6 10. Nc3 Qd6 11. Be3 Be7 12. Qb3 O-O 13. a3 Rfd8 14. Rfd1 Nd5
15. Ne4 Qc7 16. Rac1 Rab8 17. Ng3 Nxe3 18. Qxe3 Bxf3 19. Bxf3 Qb6 20. d5 Qxe3
21. fxe3 exd5 22. Rxd5 Bf6 23. Rb5 a6 24. Rb6 Be5 25. Ne4 Nd4 26. Rc5 Nxf3+ 27.
gxf3 Re8 28. Kf2 h6 29. Rc4 Rec8 30. Rxc8+ Rxc8 31. Rxb7 Rc2+ 32. Kf1 Bxb2 33.
Rb6 Bc1 34. Rxa6 Bxe3 35. Rd6 Ra2 36. Rd8+ Kh7 37. Rd3 Bc1 38. Nd6 f6 39. Nb5
Kg6 40. Rc3 Bd2 41. Rc4 f5 42. Nd4 Rxa3 43. Kg2 Kf6 44. Rc2 Be3 45. Nc6 f4 46.
Nb4 Ke5 47. Nc6+ Kd6 48. Nb4 Ke5 49. Nc6+ Kf5 50. Ne7+ Ke6 51. Nc6 Ra1 52. Nb4
Rg1+ 53. Kh2 Rg3 54. Rg2 Rxf3 55. Rxg7 Rf1 56. Nd3 Kf5 57. Re7 Rd1 58. Ne5 Bg1+
59. Kg2 Bc5 0-1

[Event "BL 0506 Leipzig Gohlis - TV Tegernsee"]
[Site "?"]
[Date "2006.02.19"]
[Round "11.3"]
[White "Kindermann, Stefan"]
[Black "Zesch, Ludwig"]
[Result "1-0"]
[WhiteElo "2535"]
[BlackElo "2292"]
[PlyCount "81"]
[EventDate "2006.??.??"]

1. e4 c5 2. Nf3 Nc6 3. Bb5 d6 4. O-O Bd7 5. Re1 a6 6. Bf1 Bg4 7. d3 Nf6 8. Nbd2
e6 9. h3 Bh5 10. c3 Be7 11. g4 Bg6 12. Nh4 Nd7 13. Nxg6 hxg6 14. f4 Bh4 15. Re2
g5 16. Nf3 gxf4 17. Nxh4 Qxh4 18. Bxf4 Nde5 19. Bg2 g5 20. Bh2 O-O-O 21. Rf2
Ng6 22. d4 Rd7 23. Qf1 Qh7 24. Rd1 cxd4 25. cxd4 e5 26. dxe5 Ngxe5 27. Bg3 Qg7
28. Rc2 Kb8 29. Qf2 Rh6 30. Qb6 Qh8 31. Rc3 Qd8 32. Qe3 Ka8 33. Rdc1 Rh8 34. a3
Qe7 35. b4 Rc7 36. a4 Rhc8 37. Bf2 b5 38. Qb6 Ra7 39. Rxc6 Rxc6 40. Rxc6 Nxc6
41. Qxc6+ 1-0

[Event "BL 0506 Leipzig Gohlis - TV Tegernsee"]
[Site "?"]
[Date "2006.02.19"]
[Round "11.4"]
[White "Schoeneberg, Manfred"]
[Black "Hertneck, Gerald"]
[Result "0-1"]
[WhiteElo "2322"]
[BlackElo "2539"]
[PlyCount "148"]
[EventDate "2006.??.??"]

1. e4 c5 2. Nf3 e6 3. d4 cxd4 4. Nxd4 Nf6 5. Nc3 Nc6 6. Nxc6 bxc6 7. Bd3 d5 8.
O-O Be7 9. Bg5 h6 10. Bh4 Rb8 11. Rb1 O-O 12. e5 Nd7 13. Bxe7 Qxe7 14. f4 c5
15. Kh1 Nb6 16. Nb5 Bd7 17. Nd6 Na4 18. f5 exf5 19. Bxf5 Bc6 20. Qh5 Qg5 21.
Qxg5 hxg5 22. Nxf7 Rxf7 23. Be6 Be8 24. Bxd5 Nb6 25. Bxf7+ Bxf7 26. Rbd1 Be6
27. Rd6 Re8 28. b3 c4 29. h3 Nd5 30. Rf3 Nf4 31. h4 Bg4 32. Rg3 Bf5 33. Rxg5
Rxe5 34. bxc4 g6 35. h5 Ne6 36. Rg3 Bxc2 37. hxg6 Nf4 38. Rd8+ Kg7 39. Rd7+ Kg8
40. Rd8+ Kg7 41. Rd7+ Kg8 42. Rg4 Rh5+ 43. Kg1 Ne2+ 44. Kf2 Bf5 45. Rd8+ Kg7
46. Kxe2 Bxg4+ 47. Ke3 Ra5 48. Rd2 Be6 49. Rc2 Bf5 50. Rb2 Kxg6 51. Kd4 Kf6 52.
Kc3 Ke6 53. Re2+ Kf6 54. Kb4 Ra6 55. c5 Bd7 56. Rd2 Ke7 57. a3 Ra4+ 58. Kb3 Rg4
59. Rd6 a5 60. Ra6 a4+ 61. Kc3 Bb5 62. Rd6 Rc4+ 63. Kb2 Rxc5 64. Rd2 Rg5 65.
Rc2 Kd6 66. Rd2+ Kc5 67. Rc2+ Kd4 68. Rf2 Bd3 69. Rf4+ Be4 70. g4 Rg8 71. Rf6
Rxg4 72. Ra6 Rg2+ 73. Kc1 Kc3 74. Kd1 Rg1+ 0-1

[Event "BL 0506 Leipzig Gohlis - TV Tegernsee"]
[Site "?"]
[Date "2006.02.19"]
[Round "11.5"]
[White "Teske, Henrik"]
[Black "Quast, Michael"]
[Result "1/2-1/2"]
[WhiteElo "2487"]
[BlackElo "2281"]
[PlyCount "65"]
[EventDate "2006.??.??"]

1. e4 e5 2. Nf3 Nf6 3. Nc3 Nc6 4. Bb5 Nd4 5. Ba4 Bc5 6. d3 Qe7 7. Nxd4 Bxd4 8.
O-O c6 9. Be3 Bxe3 10. fxe3 O-O 11. Bb3 d6 12. Ne2 Nh5 13. Nf4 exf4 14. Qxh5
fxe3 15. Rae1 Be6 16. Rxe3 g6 17. Qh6 Bxb3 18. axb3 Rae8 19. Ref3 Qe5 20. c3
Qg7 21. Qe3 b6 22. Rf6 Re6 23. Qg5 Rfe8 24. R6f3 Rf8 25. b4 Qe5 26. Rf5 Qg7 27.
Rf6 Rfe8 28. R6f3 R8e7 29. h3 Qe5 30. Qg4 h5 31. Qh4 d5 32. exd5 Qxd5 33. Qg3
1/2-1/2

[Event "BL 0506 Leipzig Gohlis - TV Tegernsee"]
[Site "?"]
[Date "2006.02.19"]
[Round "11.6"]
[White "Fischer, Johannes"]
[Black "Beim, Valery"]
[Result "0-1"]
[WhiteElo "2285"]
[BlackElo "2499"]
[PlyCount "60"]
[EventDate "2006.??.??"]

1. e4 d6 2. g3 Nf6 3. Bg2 g6 4. Nc3 Bg7 5. f4 c5 6. Nf3 Nc6 7. O-O O-O 8. d3
Bg4 9. h3 Bxf3 10. Bxf3 Rc8 11. Be3 Nd4 12. Bg2 Nd7 13. Qd2 b5 14. Rfc1 e6 15.
Nd1 Nc6 16. c3 Nb6 17. Nf2 Qd7 18. Bf1 e5 19. h4 exf4 20. gxf4 Qe7 21. Be2 d5
22. f5 gxf5 23. exf5 Rfe8 24. Bh6 Qxh4 25. Bxg7 Kxg7 26. Kg2 Rg8 27. Ng4 Kh8
28. Qf4 Rxg4+ 29. Bxg4 Rg8 30. Kf3 Rxg4 0-1

[Event "BL 0506 Leipzig Gohlis - TV Tegernsee"]
[Site "?"]
[Date "2006.02.19"]
[Round "11.7"]
[White "Bromberger, Stefan"]
[Black "Hoffmann, Hendrik"]
[Result "1-0"]
[WhiteElo "2478"]
[BlackElo "2288"]
[PlyCount "81"]
[EventDate "2006.??.??"]

1. e4 c5 2. Nf3 d6 3. d4 cxd4 4. Nxd4 Nf6 5. Nc3 Nc6 6. Bg5 e6 7. Qd2 a6 8.
O-O-O h6 9. Nxc6 bxc6 10. Bf4 d5 11. Qe3 Qa5 12. Be2 Bb4 13. Be5 Bxc3 14. Bxc3
Qxa2 15. Bd3 dxe4 16. Qg3 exd3 17. Qxg7 Ne4 18. Qxh8+ Ke7 19. cxd3 Bb7 20. Qe5
Nxc3 21. Qxc3 c5 22. Qxc5+ Ke8 23. Qe5 Bd5 24. Kd2 Qa4 25. Rc1 Qb4+ 26. Ke3 Rb8
27. Rc2 Qb6+ 28. Qd4 Qxd4+ 29. Kxd4 Rb4+ 30. Kc5 Rb8 31. Kd6 Bxg2 32. Rg1 Rd8+
33. Kc7 Rd7+ 34. Kb8 Rb7+ 35. Kc8 Bd5 36. Rc7 Rxc7+ 37. Kxc7 Ke7 38. Ra1 Kf6
39. Rxa6 Ke5 40. Ra5 Kd4 41. Rxd5+ 1-0

[Event "BL 0506 Leipzig Gohlis - TV Tegernsee"]
[Site "?"]
[Date "2006.02.19"]
[Round "11.8"]
[White "Rausch, Stephan"]
[Black "Gross, David"]
[Result "1/2-1/2"]
[WhiteElo "2343"]
[BlackElo "2467"]
[PlyCount "136"]
[EventDate "2006.??.??"]

1. d4 Nf6 2. Nf3 e6 3. Bg5 h6 4. Bh4 c5 5. e3 cxd4 6. exd4 b6 7. Bd3 Ba6 8. O-O
Be7 9. c3 O-O 10. Re1 Bxd3 11. Qxd3 d6 12. Nbd2 Nbd7 13. h3 Re8 14. a4 a6 15.
Bg3 Qc8 16. Ne4 Qc6 17. Nxf6+ Nxf6 18. Nd2 b5 19. axb5 axb5 20. Qf1 d5 21. Rxa8
Rxa8 22. Ra1 Ra4 23. b3 Ra6 24. Bh4 Qa8 25. Rxa6 Qxa6 26. c4 bxc4 27. bxc4 Qa2
28. Qd3 g5 29. Bg3 dxc4 30. Nxc4 Qa6 31. Be5 Nd7 32. Qf1 Qc6 33. Qe2 Qd5 34.
Ne3 Qe4 35. Qb5 Nxe5 36. dxe5 h5 37. Qe2 Bc5 38. Qf3 Qxe5 39. Nf1 h4 40. g3
hxg3 41. Nxg3 Qf4 42. Qg2 f5 43. Ne2 Qd2 44. Ng3 Qe1+ 45. Nf1 Kf7 46. Qf3 Kf6
47. Kg2 Qe5 48. Kg1 Qf4 49. Qg2 Bd6 50. Qa8 Bb8 51. Qa3 Qd6 52. Qf3 Ba7 53. Qh5
Qc5 54. Qf3 Qd4 55. Ng3 Ke7 56. Qb7+ Kd6 57. Qa6+ Bb6 58. Qe2 Qe5 59. Qd2+ Kc7
60. Nf1 Qf4 61. Qc2+ Kb7 62. Qe2 e5 63. Qa2 e4 64. Qd5+ Ka6 65. Qc4+ Ka5 66.
Qc3+ Kb5 67. Qb3+ Ka5 68. Qa3+ Kb5 1/2-1/2

[Event "BL 0506 SC Kreuzberg - SV Wattenscheid"]
[Site "?"]
[Date "2006.02.19"]
[Round "11.1"]
[White "Sargissian, Gabriel"]
[Black "Nisipeanu, Liviu-Dieter"]
[Result "0-1"]
[WhiteElo "2610"]
[BlackElo "2707"]
[PlyCount "58"]
[EventDate "2006.??.??"]

1. d4 Nf6 2. Nf3 e6 3. c4 c5 4. d5 b5 5. Bg5 exd5 6. cxd5 d6 7. e4 a6 8. a4 Be7
9. Nbd2 Nxd5 10. Bxe7 Qxe7 11. axb5 O-O 12. Bc4 Nf4 13. O-O Bb7 14. Re1 axb5
15. Rxa8 Bxa8 16. Bxb5 Nc6 17. Bf1 Qf6 18. Nc4 Rd8 19. Qd2 Nh3+ 20. Kh1 Nd4 21.
Re3 d5 22. exd5 Bxd5 23. Nce5 Nxf3 24. gxf3 Nf4 25. Qc3 Qh4 26. Qe1 Re8 27. Bc4
Rxe5 28. Bxd5 Qg5 29. Qg1 Qxg1+ 0-1

[Event "BL 0506 SC Kreuzberg - SV Wattenscheid"]
[Site "?"]
[Date "2006.02.19"]
[Round "11.3"]
[White "Holzke, Frank Dr"]
[Black "Romanishin, Oleg M"]
[Result "1/2-1/2"]
[WhiteElo "2479"]
[BlackElo "2547"]
[PlyCount "124"]
[EventDate "2006.??.??"]

1. e4 e5 2. Nf3 Nc6 3. Bb5 a6 4. Ba4 Nf6 5. O-O Be7 6. Re1 b5 7. Bb3 d6 8. c3
O-O 9. h3 Na5 10. Bc2 c5 11. d4 Nd7 12. Nbd2 cxd4 13. cxd4 Nc6 14. Nb3 a5 15.
Bd3 a4 16. Bxb5 Qb6 17. Bxc6 Qxc6 18. Nbd2 Bf6 19. b3 axb3 20. Nxb3 Ra4 21. d5
Qa6 22. Qc2 Nb6 23. Re3 Bd7 24. Rc3 h6 25. Nh2 Rc8 26. Rxc8+ Qxc8 27. Qxc8+
Nxc8 28. f3 Bd8 29. g4 Bb6+ 30. Kg2 Ne7 31. Nf1 Bb5 32. Ne3 Ng6 33. Nf5 Bc4 34.
Nd2 Nf4+ 35. Kh2 Bxa2 36. Nf1 g6 37. Bxf4 gxf5 38. Bxh6 f4 39. Bg5 Kg7 40. Be7
Bc5 41. g5 Kg6 42. Kg2 Ra7 43. Bf6 Ra8 44. Nd2 Bd4 45. Rc1 Bxd5 46. exd5 Ra2
47. Rd1 Be3 48. h4 Bxd2 49. h5+ Kxh5 50. Rh1+ Kg6 51. Rh6+ Kf5 52. Be7 Bc3+ 53.
Kh3 e4 54. fxe4+ Kxe4 55. Bxd6 Ra1 56. Rh4 Rh1+ 57. Kg4 Rxh4+ 58. Kxh4 Be1+ 59.
Kg4 f3 60. Bg3 f2 61. Bxf2 Bxf2 62. g6 fxg6 1/2-1/2

[Event "BL 0506 SC Kreuzberg - SV Wattenscheid"]
[Site "?"]
[Date "2006.02.19"]
[Round "11.4"]
[White "Maiwald, Jens-Uwe"]
[Black "Handke, Florian"]
[Result "1/2-1/2"]
[WhiteElo "2502"]
[BlackElo "2460"]
[PlyCount "29"]
[EventDate "2006.??.??"]

1. e4 c5 2. Nc3 e6 3. f4 d5 4. Nf3 dxe4 5. Nxe4 Nf6 6. Nxf6+ Qxf6 7. g3 Nc6 8.
Bg2 Bd6 9. O-O O-O 10. d3 Rb8 11. Ng5 h6 12. Ne4 Qd4+ 13. Kh1 Be7 14. Rb1 Qd7
15. b3 1/2-1/2

[Event "BL 0506 SC Kreuzberg - SV Wattenscheid"]
[Site "?"]
[Date "2006.02.19"]
[Round "11.5"]
[White "Appel, Ralf"]
[Black "Kalinitschew, Sergey"]
[Result "0-1"]
[WhiteElo "2488"]
[BlackElo "2491"]
[PlyCount "86"]
[EventDate "2006.??.??"]

1. d4 e6 2. c4 b6 3. a3 f5 4. Nc3 Nf6 5. Nf3 Bb7 6. d5 Bd6 7. g3 a5 8. Bg2 Na6
9. O-O Nc5 10. Nd4 O-O 11. Rb1 Qe7 12. Bg5 a4 13. Ndb5 Be5 14. Be3 Ng4 15. d6
cxd6 16. Bxc5 Bxg2 17. Bxd6 Bxd6 18. Kxg2 Bc5 19. e3 Bxe3 20. h3 Nxf2 21. Qf3
f4 22. gxf4 Rxf4 23. Qxe3 Raf8 24. Ne2 Rf3 25. Qxf3 Rxf3 26. Kxf3 Nxh3 27. Kg2
Qh4 28. Nbc3 Qg4+ 29. Kh2 Ng5 30. Rbd1 Qh3+ 31. Kg1 e5 32. Rd5 Qe3+ 33. Kg2 h5
34. Ng1 h4 35. Nce2 e4 36. Nf4 Qg3+ 37. Kh1 Nf3 38. Nxf3 exf3 39. Rxd7 Qxf4 40.
Rd8+ Kh7 41. Rd3 f2 42. Kg2 Qe4+ 43. Rf3 g5 0-1

[Event "BL 0506 SC Kreuzberg - SV Wattenscheid"]
[Site "?"]
[Date "2006.02.19"]
[Round "11.6"]
[White "Lau, Ralf"]
[Black "Lemmers, Oscar"]
[Result "1/2-1/2"]
[WhiteElo "2467"]
[BlackElo "2425"]
[PlyCount "45"]
[EventDate "2006.??.??"]

1. e4 c5 2. Nf3 e6 3. d4 cxd4 4. Nxd4 a6 5. Bd3 Bc5 6. Nb3 Ba7 7. O-O Nc6 8. c4
d6 9. Nc3 Nf6 10. Qe2 O-O 11. Be3 Bxe3 12. Qxe3 e5 13. Be2 Be6 14. Rfd1 Rc8 15.
Rac1 Nb4 16. a3 Nc6 17. Nd5 Bxd5 18. cxd5 Ne7 19. f3 Nd7 20. Rxc8 Qxc8 21. Rc1
Qb8 22. Na5 Rc8 23. Rxc8+ 1/2-1/2

[Event "BL 0506 SC Kreuzberg - SV Wattenscheid"]
[Site "?"]
[Date "2006.02.19"]
[Round "11.7"]
[White "Straeter, Timo"]
[Black "Tischbierek, Raj"]
[Result "1/2-1/2"]
[WhiteElo "2342"]
[BlackElo "2466"]
[PlyCount "42"]
[EventDate "2006.??.??"]

1. d4 Nf6 2. Nf3 d5 3. c4 e6 4. Nc3 Bb4 5. cxd5 exd5 6. Bg5 c5 7. e3 O-O 8. Bd3
c4 9. Bc2 Nbd7 10. O-O Bxc3 11. bxc3 Qa5 12. Ne5 h6 13. Nxd7 Nxd7 14. Be7 Re8
15. Bb4 Qd8 16. Qd2 Qg5 17. Bd6 Nf8 18. Bf4 Qf6 19. Be5 Qg5 20. Bf4 Qf6 21. Be5
Qg5 1/2-1/2